Chapter 4.1 Quiz - International History - Statistics

General Stats
  • This quiz has been taken 3 times
  • The average score is 7 of 10
Answer Stats
Question Answer % Correct
Who directed the Canton Purge, and who did they target? Chiang Kai-shek, Communists
100%
What is the National Revolutionary Army (NRA)? The Kuomintang's armed forces.
100%
What were the main reasons for the growth of Kuomintang Party under Sun Yat-sen? The Three Principles, his ideals aligning with the ideals of the public, and he also aligned himself with the Communist Party despite not believing in their ideals himself.
100%
What was the main group of people that started the May the Fourth Movement? Chinese Students
67%
After Yuan Shih-kai's Death (the prime minister of China at the time), what happened to China? It was fragmented into hundreds of small states, each ruled by warlords, and their private armies.
67%
What was the main thing that Sun Yat-sen did differently under his leadership of the Kuomintang comparatively to Chiang Kai-shek's leadership? Sun Yat-sen was cooperative with the Chinese Communist Party, while Chiang Kai-shek antagonized them.
67%
What was the reason ordinary Chinese people joined the Kuomintang army? They were weary of the violence of the warlords.
67%
Why was the May the Fourth Movement started in the first place? Chinese students despised their government's displayed weakness.
33%
Which was not one of Sun Yat-sen's Three Principles? patriotism
33%
Which was not a reason for the massive success of the Kuomintang army (the NRA) throughout the Northern Expedition? The Japanese were supporting the Kuomintang throughout the expedition, believing this could lead to a more peaceful outcome.
33%
No matching quizzes found
Score Distribution
Percent of People with Each Score
Percentile by Number Answered
Your Score History
You have not taken this quiz